000 01457cam a22003857a 4500
003 CHAP
005 20220329142410.0
008 001122d2000 mx r 00110 esp d
010 _a82918
011 _a83890
020 _a9688846740
035 _a94409
040 _cCHAP
082 0 4 _a584.9
_bR5
100 0 0 _aRodríguez Castañeda, Bertha.
_998376
245 1 0 _aGramíneas :
_bcaracterísticas y claves
_c/por Berta Rodríguez Castañeda.
260 _aChapingo, México :
_bUACH,
_c2000.
300 _av.
500 _aLa biblioteca tiene: v.1
590 _aBATCH-UPD
_b10
_c20130110
_lUCH01
_h0053
590 _aBATCH-UPD
_b10
_c20130110
_lUCH01
_h1807
590 _aBATCH-UPD
_b10
_c20130409
_lUCH01
_h2041
590 _aBATCH-UPD
_b10
_c20130410
_lUCH01
_h1142
590 _aBATCH-UPD
_b10
_c20130914
_lUCH01
_h1551
590 _aCONVERSION
_b10
_c20130109
_lUCH01
_h1346
650 1 4 _aGramíneas
_xClasificación.
_950264
901 _aBK
905 _aEdna Luz
942 _cLIBRO
949 _a584.9 R5
_bBC
_cLIBRO
_d33724000813150
_eLIBRO
_fv.1
_h99152
_i94409
_si
949 _a584.9 R5
_bBC
_cLIBRO
_d33724000813689
_eLIBRO
_fv. 1 c.2
_h99153
_i94409
_si
949 _a584.9 R5
_bBC
_cLIBRO
_d33724002169876
_eLIBRO
_fv.1 c.4
_gI.c/e
_h112386 rep.
_i94409
_mEste ejemplar es reposiciØn
_sb
949 _a584.9 R5
_bBC
_cLIBRO
_d33724002170322
_eLIBRO
_fv.1 c.5
_gI.c/e
_h112398
_i94409
_si
949 _a584.9 R5
_bBC
_cUACH
_d33724000813218
_eUACH
_fv. 1 c.3
_h99154
_i94409
_sb
999 _c82918
_d82918